000 nam a22 a 4500
999 _c164968
_d164968
003 BLK
005 20201015155138.0
008 180410b bul|||||r ||||||| ||bul||
010 _aKNG00172527000
040 _aBLK
041 _aBUL
_cBUL
072 7 _2bullib
_aЦ
_xРедки и ценни
080 _aОрганизация и управление на селскостопанското производство. Земеделие. Градинарство
_b631/635
_x(063)
_z631/635(063)
100 1 _aКалчев, Христо Иванов
_eпърви автор
_9336564
139 _aКалчев, Христо Иванов
_bК 20
245 1 0 _aМеждународний земледелчески конгрес в Будапеща, 17-20 септември 1896 г.
_bРапорт
_cХр. Калчев.
257 _aBGR
260 _c1897
_fСофия : Държ. печ.
_aСофия
300 _a66 с.
_c16 см
380 _a63
490 _9435080
_aКолекция Редки и ценни издания
650 4 _aЗемеделие
_9155997
653 _aконгреси
659 _aЦ
852 _aРб 897
_bРц
856 4 _qpdf
856 4 _qpdf
942 _cKNG
_n0
_s1
944 _aCR
_c06.03.2015
_kНаталия_Медовщикова
944 _aED
_c29.02.2016
_kВиолета_Тройчева
999 _d164968
999 _d164968
999 _d164968